| 000 | 00843cai a22001815a 4500 | ||
|---|---|---|---|
| 001 | L147485 | ||
| 008 | 090515u xxk g 000 0 eng d | ||
| 035 | _a(Sirsi) u147485 | ||
| 041 | 0 | _aeng | |
| 110 | 2 |
_aScottish Enterprise _92731 |
|
| 245 | 0 | 0 |
_aScottish Enterprise _h[electronic resource] |
| 520 | _aWebsite for this organisation which offers advice and support to those wishing to start or grow a business. Particularly focuses on the energy, life sciences, tourism, financial services, food and drink, and digital markets and enabling technologies markets. Also offers information on investment opportunities. | ||
| 590 | _aKA | ||
| 651 | 4 |
_aScotland _y1999- |
|
| 690 | _aMANAGEMENT-BUSINESS MANAGEMENT | ||
| 856 | 4 | 0 |
_uhttps://www.scottish-enterprise.com/ _zView the website free of charge at www.scottish-enterprise.com... |
| 942 | _n0 | ||
| 999 |
_c120792 _d120792 |
||